[Event "Championnat de France des Jeunes - Cade"]
[Site "LA ROCHE SUR YON"]
[Date "2008.04.27"]
[Round "9.7"]
[White "Favarel, Antoine"]
[Black "Hubert, Raphael"]
[Result "1-0"]
[WhiteElo "2065"]
[BlackElo "1835"]
[Annotator "Salaun,Michel"]
[PlyCount "139"]
[EventDate "2008.04.27"]
[EventType "swiss"]
[EventRounds "9"]
[EventCountry "FRA"]

1. e4 e5 2. Nf3 Nc6 3. Bb5 a6 4. Bxc6 dxc6 5. O-O Bg4 6. h3 h5 7. d3 Qf6 8. Be3
Bxf3 9. Qxf3 Qxf3 10. gxf3 Bd6 11. Nd2 Ne7 12. Rfb1 c5 13. a3 Kd7 14. b4 cxb4
15. axb4 f5 16. Nc4 f4 17. Bc5 Ke6 18. Bxd6 cxd6 19. Nb6 Rag8 20. Kf1 g5 21.
Ke2 Nc8 22. Nxc8 Rxc8 23. c4 b5 24. Rxa6 bxc4 25. dxc4 Rxc4 26. Rd1 Rd8 27. b5
Rc5 28. Rb6 Ke7 29. Rb7+ Rd7 30. Rb8 Rd8 31. Rxd8 Kxd8 32. Rxd6+ Kc7 33. Rd5
Kb6 34. Rd6+ Kxb5 35. Rg6 g4 36. fxg4 Rc2+ 37. Kf3 Rc3+ 38. Kg2 hxg4 39. Rxg4
Kc5 40. h4 Kd4 41. h5 Kxe4 42. h6 Rc8 43. h7 Rh8 44. Rg7 Kd3 45. Kf3 Kd2 46.
Ke4 Ke2 47. f3 Kf2 48. Re7 Kg3 49. Ra7 Kf2 50. Rg7 Ke2 51. Rg2+ Kf1 52. Rh2 Kg1
53. Rh4 Kg2 54. Rh6 Kg3 55. Rh5 Kf2 56. Rh4 Kg3 57. Rg4+ Kf2 58. Rg7 Ke2 59.
Rf7 Re8 60. Re7 Rh8 61. Rxe5 Rxh7 62. Kxf4+ Kf2 63. Ke4 Rh4+ 64. f4 Ke2 65. Ra5
Kf2 66. Ra3 Rh8 67. f5 Re8+ 68. Kf4 Kg2 69. f6 Rh8 70. Kf5 1-0

[Event "Championnat de France des Jeunes - Cade"]
[Site "LA ROCHE SUR YON"]
[Date "2008.05.27"]
[Round "9.10"]
[White "Andre, Pier-Gil"]
[Black "Pirotais, Jerome"]
[Result "0-1"]
[WhiteElo "1759"]
[BlackElo "1981"]
[Annotator "Salaun,Michel"]
[PlyCount "130"]
[EventDate "2008.04.27"]
[EventType "swiss"]
[EventRounds "9"]
[EventCountry "FRA"]

1. c4 e5 2. Nc3 Nf6 3. g3 d5 4. cxd5 Nxd5 5. Bg2 Nb6 6. d3 Be7 7. Nf3 Nc6 8.
O-O O-O 9. b3 Be6 10. Bb2 f6 11. Nd2 Qd7 12. Re1 Rad8 13. Rc1 f5 14. Nc4 Bf6
15. Ba1 Qf7 16. Nb5 Nxc4 17. bxc4 a6 18. Na3 Nb4 19. Qb3 c5 20. Nc2 Nxc2 21.
Qxc2 Qc7 22. Rb1 Rb8 23. Rec1 Rfd8 24. Bc3 b5 25. cxb5 axb5 26. Bd2 c4 27. dxc4
Bxc4 28. Bb4 Qf7 29. a3 e4 30. Bf1 Ba2 31. e3 Bxb1 32. Qxb1 Rd7 33. Be2 {(=)}
h6 34. Kg2 Kh8 35. Rc5 Be7 36. Rxb5 Rdb7 37. Rxb7 Rxb7 38. Qe1 Qf8 39. Bxe7
Qxe7 40. Qc3 Rc7 41. Qb3 Kh7 42. a4 Qe5 43. Qb8 g5 44. Bc4 Kg6 45. Qb6+ Kg7 46.
Qb8 Qe7 47. Qg8+ Kf6 48. Qh8+ Kg6 49. Qg8+ Kf6 50. Qh8+ Kg6 51. Qg8+ Qg7 52.
Qe8+ Kh7 53. Qb5 Qf6 54. a5 f4 55. exf4 gxf4 56. Qd5 f3+ 57. Kh3 Qg6 58. g4 h5
59. gxh5 Qg2+ 60. Kh4 Qxh2+ 61. Kg5 Rg7+ 62. Kf5 Qh4 63. Qxe4 Rg5+ 64. Kf6+
Qxe4 65. Kxg5 Qxc4 0-1

[Event "Championnat de France des Jeunes - Cade"]
[Site "LA ROCHE SUR YON"]
[Date "2008.04.27"]
[Round "9.9"]
[White "Migot, Tanguy"]
[Black "Walkowiak, Michael"]
[Result "1-0"]
[WhiteElo "2023"]
[BlackElo "1801"]
[Annotator "Salaun,Michel"]
[PlyCount "83"]
[EventDate "2008.04.27"]
[EventType "swiss"]
[EventRounds "9"]
[EventCountry "FRA"]

1. e4 e5 2. Nf3 Nc6 3. Bb5 a6 4. Ba4 Nf6 5. O-O Be7 6. Re1 b5 7. Bb3 d6 8. a4
Bg4 9. c3 O-O 10. h3 Bh5 11. d3 b4 12. Nbd2 Rb8 13. g4 Bg6 14. Nf1 Na5 15. Bc2
c5 16. Bg5 b3 17. Bb1 Nd7 18. Be3 h6 19. Ng3 Bg5 20. Bxg5 hxg5 21. Qd2 f6 22.
h4 gxh4 23. Nxh4 Bh7 24. Nhf5 Nb6 25. Kg2 Nc8 26. Rh1 Ne7 27. Nxg7 Rf7 28. N7f5
Nxf5 29. exf5 d5 30. d4 exd4 31. cxd4 c4 32. g5 fxg5 33. f6 Rbb7 34. Qxg5+ Kh8
35. Bxh7 Rxh7 36. Qf5 Qg8 37. Rae1 Nc6 38. f7 Rbxf7 39. Rxh7+ Qxh7 40. Re8+ Kg7
41. Qg5+ Qg6 42. Rg8+ 1-0

[Event "Championnat de France des Jeunes - Cade"]
[Site "LA ROCHE SUR YON"]
[Date "2008.04.27"]
[Round "9.8"]
[White "Poey-Durut, Peio"]
[Black "Bressac, Stephane"]
[Result "0-1"]
[WhiteElo "1875"]
[BlackElo "2028"]
[Annotator "Salaun,Michel"]
[PlyCount "64"]
[EventDate "2008.04.27"]
[EventType "swiss"]
[EventRounds "9"]
[EventCountry "FRA"]

1. d4 d5 2. Nf3 Nf6 3. e3 Bf5 4. Ne5 h6 5. c4 c6 6. Nc3 e6 7. Bd3 Bxd3 8. Qxd3
Bd6 9. O-O Nbd7 10. f4 O-O 11. c5 Be7 12. Bd2 Nxe5 13. fxe5 Nd7 14. e4 f6 15.
Qg3 fxe5 16. dxe5 Bxc5+ 17. Kh1 Kh7 18. exd5 cxd5 19. Bf4 Qe8 20. Nb5 Rc8 21.
Be3 Qg6 22. Bxc5 Qxg3 23. Rxf8 Rxc5 24. hxg3 Nxf8 25. Nxa7 Ng6 26. b4 Rc4 27.
a3 Nxe5 28. Re1 Ng4 29. Nb5 d4 30. Nd6 Rc6 31. Nxb7 d3 32. Nc5 d2 0-1

[Event "Championnat de France des Jeunes - Benj"]
[Site "LA ROCHE SUR YON"]
[Date "2008.04.27"]
[Round "9.8"]
[White "Monpeurt, Cyrielle"]
[Black "Dufour, Celine"]
[Result "1-0"]
[WhiteElo "1734"]
[BlackElo "1490"]
[Annotator "Salaun,Michel"]
[PlyCount "85"]
[EventDate "2008.04.27"]
[EventType "swiss"]
[EventRounds "9"]
[EventCountry "FRA"]

1. e4 e5 2. Nf3 Nc6 3. Bb5 a6 4. Ba4 Nf6 5. O-O d6 6. Re1 Bd7 7. c3 Be7 8. h3
b5 9. Bc2 Na5 10. d4 Nc6 11. Nbd2 O-O 12. Nf1 Re8 13. Ng3 h6 14. Be3 Bf8 15.
Qd2 Nb8 16. Rad1 c5 17. d5 Bc8 18. b3 Nbd7 19. Nf5 Nb6 20. N3h4 Bd7 21. Qd3 Nh5
22. g3 Qf6 23. Bc1 g6 24. Qf3 gxf5 25. Qxh5 fxe4 26. Bxe4 Bxh3 27. Nf5 Bxf5 28.
Bxf5 Nc8 29. Re3 Qg5 30. Qxg5+ hxg5 31. Rf3 Be7 32. Kg2 Nb6 33. Rh1 Rad8 34.
Be4 f6 35. g4 Rf8 36. Rfh3 Kf7 37. Rh7+ Ke8 38. Bf5 Nxd5 39. Rg7 Rb8 40. Rhh7
Kd8 41. c4 Nf4+ 42. Bxf4 gxf4 43. Rxe7 1-0

[Event "Championnat de France des Jeunes - Benj"]
[Site "LA ROCHE SUR YON"]
[Date "2008.04.27"]
[Round "9.7"]
[White "Afraoui, Solenn"]
[Black "Turquetille, Annabelle"]
[Result "1/2-1/2"]
[WhiteElo "1830"]
[BlackElo "1510"]
[Annotator "Salaun,Michel"]
[PlyCount "56"]
[EventDate "2008.04.27"]
[EventType "swiss"]
[EventRounds "9"]
[EventCountry "FRA"]

1. e4 d5 2. exd5 Nf6 3. d4 Nxd5 4. Nf3 Bg4 5. Be2 Nc6 6. c3 g6 7. O-O Bg7 8.
Be3 e5 9. Re1 Nxe3 10. fxe3 exd4 11. exd4 O-O 12. h3 Bxf3 13. Bxf3 Nxd4 14.
cxd4 Bxd4+ 15. Kh1 Bxb2 16. Na3 Bxa1 17. Qxa1 c6 18. Nc2 Qd2 19. Re2 Qd6 20. h4
Rfe8 21. Rxe8+ Rxe8 22. h5 Qd2 23. Qb1 a6 24. Qb3 Qc1+ 25. Kh2 Qf4+ 26. Kg1
Qc1+ 27. Kh2 Qf4+ 28. Kg1 Qc1+ 1/2-1/2

[Event "Championnat de France des Jeunes - Mini"]
[Site "LA ROCHE SUR YON"]
[Date "2008.04.27"]
[Round "9.9"]
[White "Billon, Olivier"]
[Black "Ollier, Pablo"]
[Result "1-0"]
[WhiteElo "1988"]
[BlackElo "2147"]
[Annotator "Salaun,Michel"]
[PlyCount "55"]
[EventDate "2008.04.27"]
[EventType "swiss"]
[EventRounds "9"]
[EventCountry "FRA"]

1. e4 e6 2. d4 d5 3. Nc3 Bb4 4. e5 c5 5. a3 Bxc3+ 6. bxc3 Ne7 7. h4 Nbc6 8. h5
h6 9. Qg4 Nf5 10. Bd3 Nce7 11. Nf3 c4 12. Bxf5 Nxf5 13. Nh4 O-O 14. Rh3 Kh8 15.
Qf4 Nxh4 16. Rxh4 f6 17. Qg3 fxe5 18. dxe5 Rf5 19. Be3 Qc7 20. Kf1 Qf7 21. Rd1
Rxh5 22. Rdd4 Rxh4 23. Qxh4 Kh7 24. Rf4 Qe8 25. Rf3 Bd7 26. Bxh6 gxh6 27. Rf6
h5 28. Qg5 1-0

[Event "Championnat de France des Jeunes - Benj"]
[Site "LA ROCHE SUR YON"]
[Date "2008.04.27"]
[Round "9.6"]
[White "Guo, Charlotte"]
[Black "Aggoune, Audessa"]
[Result "0-1"]
[WhiteElo "1700"]
[BlackElo "1750"]
[Annotator "Salaun,Michel"]
[PlyCount "56"]
[EventDate "2008.04.27"]
[EventType "swiss"]
[EventRounds "9"]
[EventCountry "FRA"]

1. e4 d5 2. exd5 Qxd5 3. Nc3 Qa5 4. d4 Nf6 5. Nf3 c6 6. g3 Bg4 7. Bg2 e6 8. O-O
Be7 9. Bf4 O-O 10. Re1 Bb4 11. Re3 Nbd7 12. a3 Be7 13. b4 Qh5 14. Qd2 Nb6 15.
Ne5 g5 16. f3 gxf4 17. Re2 Bh3 18. Qxf4 Bxg2 19. Rxg2 Qf5 20. Qh6 Qh5 21. Qf4
Nfd5 22. Nxd5 Nxd5 23. Qe4 Qf5 24. Qe2 Bf6 25. g4 Qf4 26. Qf2 Ne3 27. Nd7 Nxg2
28. Nxf8 Bxd4 0-1

[Event "Championnat de France des Jeunes - Cade"]
[Site "LA ROCHE SUR YON"]
[Date "2008.04.27"]
[Round "9.7"]
[White "Mallard, Ophelie"]
[Black "Cheype, Marie"]
[Result "0-1"]
[WhiteElo "1630"]
[BlackElo "1809"]
[Annotator "Salaun,Michel"]
[PlyCount "51"]
[EventDate "2008.04.27"]
[EventType "swiss"]
[EventRounds "9"]
[EventCountry "FRA"]

1. f4 d5 2. Nf3 c5 3. e3 Nf6 4. b3 Bf5 5. Bb2 e6 6. Be2 Nbd7 7. O-O Qc7 8. c4
dxc4 9. Bxc4 h6 10. Nc3 a6 11. Rc1 g5 12. Ne2 b5 13. Ne5 Rg8 14. Bd3 gxf4 15.
Nxd7 Nxd7 16. Bxf5 exf5 17. Nxf4 Bd6 18. Qf3 O-O-O 19. Nd5 Bxh2+ 20. Kh1 Qd6
21. Nb4 Rg6 22. d4 Rdg8 23. dxc5 Qd2 24. Qa8+ Nb8 25. Nxa6 Qxb2 26. Qxb8+ 0-1

[Event "Championnat de France des Jeunes - Cade"]
[Site "LA ROCHE SUR YON"]
[Date "2008.04.27"]
[Round "9.6"]
[White "Peyre, Camille"]
[Black "Labise, Ophelie"]
[Result "1-0"]
[WhiteElo "1831"]
[BlackElo "1660"]
[Annotator "Salaun,Michel"]
[PlyCount "51"]
[EventDate "2008.04.27"]
[EventType "swiss"]
[EventRounds "9"]
[EventCountry "FRA"]

1. d4 Nf6 2. c4 e6 3. Nc3 Bb4 4. f3 d5 5. a3 Bxc3+ 6. bxc3 O-O 7. e3 Nbd7 8.
cxd5 exd5 9. Bd3 Re8 10. Ne2 c5 11. O-O a6 12. a4 b6 13. Ng3 Bb7 14. Re1 Nf8
15. Ba3 Rc8 16. Rb1 c4 17. Bc2 Bc6 18. e4 N6d7 19. Nf5 Ra8 20. e5 g6 21. Nd6
Re6 22. Qd2 a5 23. f4 f6 24. f5 Re7 25. e6 Nb8 26. Nf7 1-0

[Event "Championnat de France des Jeunes - Benj"]
[Site "LA ROCHE SUR YON"]
[Date "2008.04.27"]
[Round "9.9"]
[White "Meley, Hector"]
[Black "Barbot, Pierre"]
[Result "1-0"]
[WhiteElo "1862"]
[BlackElo "1909"]
[Annotator "Salaun,Michel"]
[PlyCount "57"]
[EventDate "2008.04.27"]
[EventType "swiss"]
[EventRounds "9"]
[EventCountry "FRA"]

1. d4 Nf6 2. c4 g6 3. Nc3 d5 4. e3 Bg7 5. b4 O-O 6. Bb2 b6 7. Qb3 Bb7 8. Nf3
dxc4 9. Bxc4 Nbd7 10. Be2 e5 11. dxe5 Ng4 12. e6 Nde5 13. Nxe5 Nxe5 14. O-O Qg5
15. e4 fxe6 16. Qxe6+ Kh8 17. Qh3 Qd2 18. Rab1 Rae8 19. Rfd1 Qf4 20. Qg3 Qf7
21. Bb5 Rc8 22. Ba4 c5 23. Nb5 Qe6 24. Nd6 Rc7 25. Nxb7 Rxb7 26. Rd5 Ng4 27.
Bxg7+ Kxg7 28. Rbd1 Nf6 29. Rd6 1-0

[Event "Championnat de France des Jeunes - Benj"]
[Site "LA ROCHE SUR YON"]
[Date "2008.04.27"]
[Round "9.7"]
[White "Roubaud, Alexandre"]
[Black "Ringuet, Noe"]
[Result "1/2-1/2"]
[WhiteElo "1949"]
[BlackElo "1821"]
[Annotator "Salaun,Michel"]
[PlyCount "58"]
[EventDate "2008.04.27"]
[EventType "swiss"]
[EventRounds "9"]
[EventCountry "FRA"]

1. e4 e6 2. d4 d5 3. exd5 exd5 4. Bf4 Bf5 5. Bd3 Bxd3 6. Qxd3 c6 7. c3 Nf6 8.
Nd2 Be7 9. Ngf3 Nbd7 10. O-O O-O 11. Rfe1 Re8 12. Ne5 Nxe5 13. Bxe5 Bd6 14.
Bxd6 Qxd6 15. f3 Re7 16. Nb3 Rae8 17. Qd2 b6 18. g3 Re6 19. Kf2 Qe7 20. Rxe6
Qxe6 21. Re1 Qxe1+ 22. Qxe1 Rxe1 23. Kxe1 Kf8 24. Ke2 Ke7 25. Ke3 Kd6 26. Nd2
Ke6 27. Nb3 Kd6 28. Nd2 Ke6 29. Nb3 Kd6 1/2-1/2

[Event "Championnat de France des Jeunes - Pupi"]
[Site "LA ROCHE SUR YON"]
[Date "2008.04.27"]
[Round "9.8"]
[White "Rouffignac, Tanguy"]
[Black "Bigonnet, Jean-Michel"]
[Result "0-1"]
[WhiteElo "1626"]
[BlackElo "1755"]
[Annotator "Salaun,Michel"]
[PlyCount "54"]
[EventDate "2008.04.27"]
[EventType "swiss"]
[EventRounds "9"]
[EventCountry "FRA"]

1. e4 c5 2. Nf3 Nc6 3. d4 cxd4 4. Nxd4 e5 5. Nb5 d6 6. N1c3 a6 7. Na3 b5 8. Nd5
Nge7 9. c3 Bb7 10. Be2 Nxd5 11. exd5 Ne7 12. Nxb5 Nxd5 13. Na3 Nf6 14. O-O Be7
15. Nc4 Qc7 16. Be3 d5 17. Nd2 O-O 18. Rc1 Rfe8 19. Qb3 Qd7 20. Nf3 Bd6 21. Bg5
Rab8 22. Qc2 Bc7 23. h3 Qd6 24. Nh4 Bc8 25. Nf5 Bxf5 26. Qxf5 Rxb2 27. Bd3 e4
0-1

[Event "Championnat de France des Jeunes - Benj"]
[Site "LA ROCHE SUR YON"]
[Date "2008.04.27"]
[Round "9.6"]
[White "Ozenne, Corentin"]
[Black "Netzer, Jacques"]
[Result "0-1"]
[WhiteElo "1881"]
[BlackElo "2059"]
[Annotator "Salaun,Michel"]
[PlyCount "52"]
[EventDate "2008.04.27"]
[EventType "swiss"]
[EventRounds "9"]
[EventCountry "FRA"]

1. d4 Nf6 2. c4 g6 3. Nc3 Bg7 4. e4 d6 5. Be2 O-O 6. Nf3 e5 7. O-O Nc6 8. d5
Ne7 9. b4 Nh5 10. c5 f5 11. Ng5 Nf6 12. Bf3 h6 13. Ne6 Bxe6 14. dxe6 fxe4 15.
cxd6 cxd6 16. Bxe4 d5 17. Bc2 Qd6 18. Nb5 Qb6 19. Ba4 a6 20. Nc3 Qxe6 21. b5
Rfc8 22. Bb2 Kh7 23. Qe2 Nh5 24. Rfe1 Nf4 25. Qd2 Qf5 26. Bc2 Qg5 0-1

[Event "Championnat de France des Jeunes - Pupi"]
[Site "LA ROCHE SUR YON"]
[Date "2008.04.27"]
[Round "9.9"]
[White "Abidi, Hasma"]
[Black "Lefevre, Lucie"]
[Result "0-1"]
[WhiteElo "1310"]
[BlackElo "1540"]
[Annotator "Salaun,Michel"]
[PlyCount "60"]
[EventDate "2008.04.27"]
[EventType "swiss"]
[EventRounds "9"]
[EventCountry "FRA"]

1. d4 d5 2. Nf3 Nf6 3. Bg5 Nbd7 4. c4 e6 5. e3 c6 6. Nc3 Qa5 7. a3 Ne4 8. Qc2
Bb4 9. Rc1 Bxc3+ 10. bxc3 Qxa3 11. cxd5 exd5 12. Bd3 Ndf6 13. O-O Qd6 14. Bxf6
Nxf6 15. Rfe1 Bg4 16. Nd2 O-O 17. e4 dxe4 18. Nxe4 Nxe4 19. Bxe4 g6 20. Rb1
Rab8 21. Qa4 a6 22. Rb2 Rfe8 23. f3 Bf5 24. Reb1 Bxe4 25. fxe4 Rxe4 26. Rxb7
Rxb7 27. Rxb7 Re1+ 28. Kf2 Qe6 29. Rb8+ Kg7 30. Qxa6 Qe3# 0-1

[Event "Championnat de France des Jeunes - Pupi"]
[Site "LA ROCHE SUR YON"]
[Date "2008.04.27"]
[Round "9.7"]
[White "Grundman, Anatole"]
[Black "Karcenty, Louis"]
[Result "1-0"]
[WhiteElo "1764"]
[BlackElo "1650"]
[Annotator "Salaun,Michel"]
[PlyCount "45"]
[EventDate "2008.04.27"]
[EventType "swiss"]
[EventRounds "9"]
[EventCountry "FRA"]

1. d4 f5 2. h3 Nf6 3. g4 d6 4. g5 Nd5 5. Bg2 c6 6. e4 Nb6 7. Qd3 g6 8. h4 Bg7
9. h5 O-O 10. Nc3 Qe8 11. hxg6 hxg6 12. Bd2 e5 13. d5 c5 14. O-O-O fxe4 15.
Bxe4 c4 16. Qg3 Na6 17. Qh4 Kf7 18. Bxg6+ Kxg6 19. Qh5+ Kf5 20. g6+ Kf6 21.
Bg5+ Kf5 22. Bd8+ Kf4 23. Rh4+ 1-0

[Event "Championnat de France des Jeunes - Benj"]
[Site "LA ROCHE SUR YON"]
[Date "2008.04.27"]
[Round "9.9"]
[White "Belafkih, Kimia"]
[Black "Daadaa, Soha"]
[Result "0-1"]
[WhiteElo "1430"]
[BlackElo "1650"]
[Annotator "Salaun,Michel"]
[PlyCount "124"]
[EventDate "2008.04.27"]
[EventType "swiss"]
[EventRounds "9"]
[EventCountry "FRA"]

1. e4 e6 2. d4 d5 3. exd5 exd5 4. Nf3 Bd6 5. Nc3 Ne7 6. Be2 Nbc6 7. O-O Bg4 8.
h3 Bh5 9. Be3 Qd7 10. Qd2 O-O-O 11. Ng5 Bxe2 12. Qxe2 Rdf8 13. Rfc1 h6 14. Nf3
g5 15. a4 f5 16. a5 f4 17. Bd2 Rhg8 18. Nh2 Nxd4 19. Qg4 Qxg4 20. Nxg4 h5 21.
Nh2 Bb4 22. Kf1 a6 23. Ra4 Nec6 24. Nf3 Nxf3 25. gxf3 Bxa5 26. Rd1 Rd8 27. Kg2
b5 28. Raa1 d4 29. Ne2 Bxd2 30. Rxd2 Kb7 31. Rad1 Na5 32. Rxd4 Rxd4 33. Rxd4
Re8 34. Re4 Rxe4 35. fxe4 Nc4 36. b3 Nd6 37. f3 c5 38. Nc3 c4 39. b4 a5 40.
bxa5 Ka6 41. Nd5 Kxa5 42. e5 Ne8 43. Nf6 Nc7 44. Nxh5 b4 45. Nxf4 gxf4 46. h4
b3 47. cxb3 cxb3 48. h5 b2 49. h6 b1=Q 50. Kh3 Qh1+ 51. Kg4 Qxh6 52. Kf5 Qh3+
53. Kxf4 Kb5 54. Ke4 Kc5 55. Kf4 Kd5 56. e6 Nxe6+ 57. Ke3 Ng5 58. Kf2 Qxf3+ 59.
Kg1 Qe2 60. Kh1 Ke4 61. Kg1 Kf3 62. Kh1 Qg2# 0-1

[Event "Championnat de France des Jeunes - Pupi"]
[Site "LA ROCHE SUR YON"]
[Date "2008.04.27"]
[Round "9.6"]
[White "Nolot, Clementine"]
[Black "Rei-Rosa, Sophie"]
[Result "1/2-1/2"]
[WhiteElo "1590"]
[BlackElo "1510"]
[Annotator "Salaun,Michel"]
[PlyCount "93"]
[EventDate "2008.04.27"]
[EventType "swiss"]
[EventRounds "9"]
[EventCountry "FRA"]

1. e4 e5 2. Nf3 Nc6 3. Nc3 Nf6 4. Bb5 Bb4 5. O-O O-O 6. d3 d6 7. Bg5 Be6 8. Nd5
Bxd5 9. exd5 Nb8 10. c3 c6 11. dxc6 bxc6 12. Ba4 Ba5 13. Re1 Qe7 14. Nd2 Qe6
15. d4 Qf5 16. Bxf6 Qxf6 17. Ne4 Qe6 18. dxe5 dxe5 19. Qf3 Rc8 20. Bb3 Qe7 21.
Rad1 Nd7 22. Nd6 Nf6 23. Nxc8 Rxc8 24. Rd2 Qc7 25. Qg3 Re8 26. Rde2 Nd7 {(=)}
27. Qf3 Nf6 28. Qf5 e4 29. f3 Bb6+ 30. Kh1 e3 31. a4 a5 32. c4 Qd6 33. Rd1 Qb4
34. Rd3 Bc5 35. Qf4 Qb6 36. g4 Qa7 37. g5 Nh5 38. Qg4 g6 39. Rd7 Qb6 40. Ba2
Qb4 41. b3 Qa3 42. Rd1 Kg7 43. Qd7 Re6 44. Qc7 Bb4 45. Rd7 Be7 46. Kg2 Qc5 47.
f4 1/2-1/2

[Event "Championnat de France des Jeunes - Benj"]
[Site "LA ROCHE SUR YON"]
[Date "2008.04.27"]
[Round "9.10"]
[White "Ferrer, Lauriane"]
[Black "Pivard, Elsa"]
[Result "0-1"]
[WhiteElo "1420"]
[BlackElo "1620"]
[Annotator "Salaun,Michel"]
[PlyCount "84"]
[EventDate "2008.04.27"]
[EventType "swiss"]
[EventRounds "9"]
[EventCountry "FRA"]

1. e4 c6 2. d4 d5 3. exd5 cxd5 4. Nf3 Nf6 5. g3 Bg4 6. Bg2 e6 7. O-O Be7 8. Bf4
Nc6 9. Re1 O-O 10. Nc3 Qb6 11. Qd3 Bxf3 12. Bxf3 Qxd4 13. Rad1 Qxd3 14. Rxd3
Bb4 15. a3 Ba5 16. b4 Bb6 17. Na4 Nd4 18. Nxb6 Nxf3+ 19. Rxf3 axb6 20. Ree3 Ne4
21. Rb3 Rfc8 22. c3 e5 23. Bc1 d4 24. Rd3 Nxc3 25. Bb2 Nd5 26. Kg2 Rc2 27. Kf3
f5 28. Kg2 Ne3+ 29. Kh3 Rxf2 30. Bc1 Ng4 31. Rb2 Rxb2 32. Bxb2 Nf2+ 33. Kg2
Nxd3 34. Bxd4 exd4 35. Kf3 Rxa3 36. Ke2 Nxb4 37. Kd2 Ra2+ 38. Ke1 Rxh2 39. Kd1
d3 40. Ke1 Na2 41. Kd1 Nc3+ 42. Ke1 d2+ 0-1

[Event "Championnat de France des Jeunes - Pupi"]
[Site "LA ROCHE SUR YON"]
[Date "2008.04.27"]
[Round "9.7"]
[White "Vignette, Jeanne"]
[Black "Savalle, Mathilde"]
[Result "1-0"]
[WhiteElo "1540"]
[BlackElo "1620"]
[Annotator "Salaun,Michel"]
[PlyCount "71"]
[EventDate "2008.04.27"]
[EventType "swiss"]
[EventRounds "9"]
[EventCountry "FRA"]

1. e4 c5 2. Nf3 Nc6 3. d4 cxd4 4. Nxd4 Nf6 5. Nc3 d6 6. Be2 Nxd4 7. Qxd4 g6 8.
Be3 Bg7 9. O-O O-O 10. Qd2 b6 11. Bh6 Bb7 12. Bf3 Qd7 13. Rfe1 Rfd8 14. Bxg7
Kxg7 15. Rad1 Kg8 16. h3 Rac8 17. Qe3 Qc7 18. Rd2 Nd7 19. a3 Ne5 20. Be2 Qc6
21. Bb5 Qc7 22. Rd4 a6 23. Bf1 b5 24. f4 Nc6 25. Nd5 Nxd4 26. Nxc7 Nxc2 27. Qb6
Nxe1 28. Qxb7 a5 29. Nd5 Kg7 30. Qxe7 Re8 31. Qf6+ Kg8 32. Ne7+ Rxe7 33. Qxe7
Rc2 34. Qxd6 Rxb2 35. Qd8+ Kg7 36. Qd4+ 1-0

[Event "Championnat de France des Jeunes - Pupi"]
[Site "LA ROCHE SUR YON"]
[Date "2008.04.27"]
[Round "9.8"]
[White "Canterel, Cecile"]
[Black "Gaguech, Elisa"]
[Result "1-0"]
[WhiteElo "1580"]
[BlackElo "1490"]
[Annotator "Salaun,Michel"]
[PlyCount "121"]
[EventDate "2008.04.27"]
[EventType "swiss"]
[EventRounds "9"]
[EventCountry "FRA"]

1. c4 c6 2. Nc3 Nf6 3. g3 d5 4. cxd5 cxd5 5. Bg2 e6 6. e3 Nc6 7. Nge2 Be7 8.
O-O O-O 9. a3 e5 10. d4 e4 11. h3 a6 12. Nf4 b5 13. f3 Bd6 14. Nfxd5 Nxd5 15.
Nxd5 Bxg3 16. fxe4 Qg5 17. Qf3 Na5 18. Ne7+ Qxe7 19. Qxg3 Nb3 20. Rb1 Bb7 21.
e5 Rab8 22. Bxb7 Qxb7 23. Qg2 Rfc8 24. Qxb7 Rxb7 25. Rd1 Rbc7 26. Bd2 Nxd2 27.
Rxd2 Rc2 28. Rbd1 h6 29. d5 Kf8 30. Kf2 Ke7 31. Kf3 R2c5 32. Kf4 Rc4+ 33. Rd4
f6 34. e6 g6 35. Rxc4 Rxc4+ 36. Rd4 Rc8 37. e4 Kd6 38. a4 Rc2 39. axb5 Rxb2 40.
bxa6 Ra2 41. a7 Rxa7 42. Rc4 Ra6 43. Rc1 Ra2 44. Re1 Rf2+ 45. Kg3 Rd2 46. Re3
Rd4 47. h4 Rd1 48. Kf4 Rh1 49. Rg3 g5+ 50. hxg5 hxg5+ 51. Kf5 Rf1+ 52. Kg6 Rf4
53. Kf7 f5 54. Ra3 fxe4+ 55. Kg6 g4 56. Ra6+ Ke7 57. Ra7+ Ke8 58. d6 e3 59. e7
Re4 60. Ra8+ Kd7 61. Rd8+ 1-0

[Event "Championnat de France des Jeunes - Pupi"]
[Site "LA ROCHE SUR YON"]
[Date "2008.04.27"]
[Round "9.9"]
[White "Pruvot, Louis"]
[Black "Kohi, Armand"]
[Result "1/2-1/2"]
[WhiteElo "1630"]
[BlackElo "1730"]
[Annotator "Salaun,Michel"]
[PlyCount "73"]
[EventDate "2008.04.27"]
[EventType "swiss"]
[EventRounds "9"]
[EventCountry "FRA"]

1. e4 c6 2. d4 d5 3. Nc3 dxe4 4. Nxe4 Bf5 5. Ng3 Bg6 6. h4 h6 7. Nf3 Nd7 8. h5
Bh7 9. Bd3 Bxd3 10. Qxd3 e6 11. Bf4 Qa5+ 12. Bd2 Qc7 13. O-O-O Ngf6 14. Ne4
Nxe4 15. Qxe4 Nf6 16. Qe2 Bd6 17. Kb1 O-O 18. Ne5 c5 19. Ng4 Nxg4 20. Qxg4 Kh8
21. Bc3 Rg8 22. Qe4 b6 23. g4 Bf4 24. Rdg1 cxd4 25. Bxd4 e5 26. Be3 Bxe3 27.
fxe3 f6 28. Qg6 Qc4 29. Rh3 Rad8 30. Rhg3 Qe6 31. a3 a5 32. e4 b5 33. Rd3 Qc4
34. Rgd1 Rxd3 35. Rxd3 Qc5 36. Qf5 b4 37. Qf3 1/2-1/2

[Event "Championnat de France des Jeunes - Pupi"]
[Site "LA ROCHE SUR YON"]
[Date "2008.04.27"]
[Round "9.10"]
[White "Becache, Matthias"]
[Black "Mirimanian, Haik"]
[Result "0-1"]
[WhiteElo "1620"]
[BlackElo "1832"]
[Annotator "Salaun,Michel"]
[PlyCount "76"]
[EventDate "2008.04.27"]
[EventType "swiss"]
[EventRounds "9"]
[EventCountry "FRA"]

1. e4 c5 2. Nf3 Nc6 3. d4 cxd4 4. Nxd4 d6 5. Nc3 g6 6. Be3 Bg7 7. Bc4 Nf6 8. f3
Bd7 9. Qd2 Rc8 10. Bb3 a6 11. h4 Na5 12. Bh6 Bxh6 13. Qxh6 Nxb3 14. Nxb3 b5 15.
Qd2 h5 16. Nd4 Qb6 17. Nce2 b4 18. Nb3 a5 19. Nbc1 Qc5 20. c3 Qb6 21. Nd3 Bb5
22. cxb4 Bxd3 23. bxa5 Qa6 24. Rc1 O-O 25. Nc3 Bb5 26. Nxb5 Qxb5 27. Kf2 Nd7
28. b4 Ne5 29. Kg3 Rb8 30. a3 Nc4 31. Qa2 Rfc8 32. Rc2 Rb7 33. Rhc1 Rbc7 34.
Qb3 Nd2 35. Rxc7 Nxb3 36. Rxc8+ Kg7 37. R1c7 Qe5+ 38. Kh3 Nd4 0-1

[Event "Championnat de France des Jeunes - Mini"]
[Site "LA ROCHE SUR YON"]
[Date "2008.04.27"]
[Round "9.10"]
[White "Bertrand, Quentin"]
[Black "Iwanesko, Alexandre"]
[Result "0-1"]
[WhiteElo "1894"]
[BlackElo "2060"]
[Annotator "Salaun,Michel"]
[PlyCount "78"]
[EventDate "2008.04.27"]
[EventType "swiss"]
[EventRounds "9"]
[EventCountry "FRA"]

1. e4 c5 2. Nf3 e6 3. d4 cxd4 4. Nxd4 a6 5. Nc3 Qc7 6. Be2 b5 7. O-O Bb7 8. Bf3
b4 9. Nce2 Nf6 10. Ng3 h5 11. e5 Nd5 12. Nxh5 Qxe5 13. Re1 Qc7 14. Nxe6 dxe6
15. Bxd5 Nc6 16. Bf4 Qa5 17. Bxc6+ Bxc6 18. Ng3 Rd8 19. Qg4 Qd5 20. Ne4 Qh5 21.
Qg3 Qd5 22. Qf3 Be7 23. Qg3 Rg8 24. c3 Qf5 25. Nd6+ Bxd6 26. Bxd6 bxc3 27. bxc3
f6 28. Rad1 Kf7 29. Bc7 Rd5 30. Rxd5 Qxd5 31. Bb6 Rc8 32. a3 Bb7 33. h3 Rxc3
34. Qg4 Rc4 35. f4 Rxf4 36. Qg3 Rc4 37. Re2 Rc1+ 38. Kh2 Qd1 39. Qe3 Qd6+ 0-1